লোডিং...

Charitra kavadangal

গ্রন্থ-পঞ্জীর বিবরন
প্রধান লেখক: Velayudhan panikkasery
প্রকাশিত: NBS
LEADER 00188 a2200097 4500
020
260 |b NBS 
942 |c BK  |6 _ 
245 |a Charitra kavadangal  
100 |a Velayudhan panikkasery 
999 |c 62144  |d 62144